Comentarios acerca de la contabilización del leasing (Registro nro. 32239)

Detalles MARC
000 -LEADER
fixed length control field 00322 a2200109 4500
001 - CONTROL NUMBER
control field ART_38613
005 - DATE AND TIME OF LATEST TRANSACTION
control field 20260410162011.0
008 - FIXED-LENGTH DATA ELEMENTS--GENERAL INFORMATION
fixed length control field 260409a
100 1# - MAIN ENTRY--PERSONAL NAME
Personal name Accursi, Marcelo
245 10 - TITLE STATEMENT
Title Comentarios acerca de la contabilización del leasing
773 0# - HOST ITEM ENTRY
Title Anuario
Related parts - Nº 2 (ene./dic. 1998)
Record control number REV38525

No hay ítems disponibles.